00962nam a22001815i 4500001000700000003000900007005001700016008004100033040003000074100003300104245016000137260009600297300002100393700004200414852018200456999001900638952012300657167089ES-MaACL20230906213447.0990928s1876 sp |||| | spa d aCCPB | B bspa cCCPB | B1 aVega, Ricardo de la.911358314aUna jaula de locos b: revista político-periodística, en un acto, en prosa y verso / coriginal de Ricardo de la Vega ; música del Maestro Caballero. aMadrid : bAdministración lírico-dramática, c1876 (fImprenta de José M. Ducazcal) a31 p. ; c20 cm.0 aFernández Caballero, Manuel.949531 aES-MaACLjF-8607(9) z-- Enc. pasta española z--Enc. en un vol. facticio formando parte de la col. facticia "Teatro español moderno", vol. 62 q.- Falto de la cub. original c167089d167089 001040708LIBXIXaATENEOMbATENEOMcSPP2d2008-01-17l0oF-8607(9)p1175274r2023-02-23 00:00:00w2023-02-23yMONANT